000 00247nam a22000857a 4500
008 160715b xxu||||| |||| 00| 0 eng d
100 _92897
_a National Geographic Society
245 _aBeyond the Horizon
260 _aWashington
_b National Geography
_c1992
999 _c2462
_d2462